Normal view
MARC view
- تربية خاصة-اطفال معوقون. المعوقون-تأهيل. المعوقون-تعليم
Entry Topical Term
001 - CONTROL NUMBER
- control field: 31121
003 - CONTROL NUMBER IDENTIFIER
- control field: JO-AjAnu
005 - DATE AND TIME OF LATEST TRANSACTION
- control field: 20230606075237.0
008 - FIXED-LENGTH DATA ELEMENTS
- fixed length control field: 230606|| aca||aabn | a|a d
040 ## - CATALOGING SOURCE
- Original cataloging agency: JO-AjAnu
- Transcribing agency: JO-AjAnu
150 ## - HEADING--TOPICAL TERM
- Topical term or geographic name entry element: تربية خاصة-اطفال معوقون. المعوقون-تأهيل. المعوقون-تعليم
670 ## - SOURCE DATA FOUND
- Source citation: Work cat.: (JO-AjAnu)15981: غريفات،سحر مؤلف/الزعبي،محمدخالد م.مشارك/شواهين،خير م.مشارك, author 31120, خبرات علمية ومهارات عملية في تربية ذوي الإحتياجات الخاصة